[Event "Stay Safe Play From Home 288"]
[Site "Emanuel Lasker Arena"]
[Date "2020.07.08"]
[Round "3"]
[White "yashjain14"]
[Black "Erdema"]
[Result "0-1"]
[WhiteElo "1168"]
[BlackElo "1458"]
[Annotator "NA"]
[PlyCount "58"]
[EventDate "2020.07.08"]
[EventType "swiss (blitz)"]

1. Nf3 {[%emt 0:00:04]} e6 {[%emt 0:00:01]} 2. g3 {[%emt 0:00:01]} Nf6 {[%emt 0:00:02]} 3. Bg2 {[%emt 0:00:01]} d5 {[%emt 0:00:01]} 4. e3 {[%emt 0:00:03]} Bd6 {[%emt 0:00:02]} 5. Nc3 {[%emt 0:00:01]} e5 {[%emt 0:00:01]} 6. d3 {[%emt 0:00:04]} Nc6 {[%emt 0:00:04]} 7. O-O {[%emt 0:00:03]} a6 {[%emt 0:00:02]} 8. Re1 {[%emt 0:00:09]} O-O {[%emt 0:00:02]} 9. e4 {[%emt 0:00:02]} dxe4 {[%emt 0:00:03]} 10. dxe4 {[%emt 0:00:02]} Bg4 {[%emt 0:00:04]} 11. Nd5 {[%emt 0:00:13]} Nd4 {[%emt 0:00:04]} 12. Re3 {[%emt 0:00:07]} Nxd5 {[%emt 0:00:07]} 13. exd5 {[%emt 0:00:03]} Nxf3+ {[%emt 0:00:06]} 14. Bxf3 {[%emt 0:00:03]} Bxf3 {[%emt 0:00:02]} 15. Rxf3 {[%emt 0:00:02]} f5 {[%emt 0:00:03]} 16. c4 {[%emt 0:00:03]} e4 {[%emt 0:00:02]} 17. Re3 {[%emt 0:00:02]} Re8 {[%emt 0:00:03]} 18. b3 {[%emt 0:00:06]} Bc5 {[%emt 0:00:02]} 19. Re2 {[%emt 0:00:03]} g6 {[%emt 0:00:05]} 20. Be3 {[%emt 0:00:06]} Bxe3 {[%emt 0:00:03]} 21. Rxe3 {[%emt 0:00:02]} Qf6 {[%emt 0:00:02]} 22. f4 {[%emt 0:00:05]} exf3 {[%emt 0:00:03]} 23. Rxe8+ {[%emt 0:00:02]} Rxe8 {[%emt 0:00:03]} 24. Qf1 {[%emt 0:00:02]} Qd4+ {[%emt 0:00:06]} 25. Kh1 {[%emt 0:00:04]} Qe4 {[%emt 0:00:02]} 26. Rd1 {[%emt 0:00:09]} f2+ {[%emt 0:00:08]} 27. Qg2 {[%emt 0:00:13]} Qxg2+ {[%emt 0:00:09]} 28. Kxg2 {[%emt 0:00:02]} Re1 {[%emt 0:00:01]} 29. Rxe1 {[%emt 0:00:09]} fxe1=Q {[%emt 0:00:02]} 0-1

[Event "Stay Safe Play From Home 288"]
[Site "Emanuel Lasker Arena"]
[Date "2020.07.08"]
[Round "4"]
[White "Lazieri3"]
[Black "Position"]
[Result "1/2-1/2"]
[WhiteElo "2078"]
[BlackElo "2025"]
[PlyCount "62"]
[EventDate "2020.07.08"]
[EventType "swiss (blitz)"]

1. e4 {[%emt 0:00:01]} c5 {[%emt 0:00:01]} 2. Nc3 {[%emt 0:00:05]} Nc6 {[%emt 0:00:01]} 3. d3 {[%emt 0:00:00]} d6 {[%emt 0:00:02]} 4. Nf3 {[%emt 0:00:00]} Nf6 {[%emt 0:00:02]} 5. Be3 {[%emt 0:00:00]} e5 {[%emt 0:00:02]} 6. Be2 {[%emt 0:00:04]} Be7 {[%emt 0:00:01]} 7. O-O {[%emt 0:00:01]} O-O {[%emt 0:00:00]} 8. h3 {[%emt 0:00:01]} Be6 {[%emt 0:00:00]} 9. Ng5 {[%emt 0:00:01]} h6 {[%emt 0:00:05]} 10. Nxe6 {[%emt 0:00:01]} fxe6 {[%emt 0:00:00]} 11. f4 {[%emt 0:00:02]} exf4 {[%emt 0:00:01]} 12. Bxf4 {[%emt 0:00:01]} e5 {[%emt 0:00:03]} 13. Be3 {[%emt 0:00:02]} Nd4 {[%emt 0:00:01]} 14. Qd2 {[%emt 0:00:20]} a6 {[%emt 0:00:04]} 15. Rf2 {[%emt 0:00:10]} b5 {[%emt 0:00:03]} 16. Raf1 {[%emt 0:00:02]} b4 {[%emt 0:00:03]} 17. Bxd4 {[%emt 0:00:26]} cxd4 {[%emt 0:00:04]} 18. Nd5 {[%emt 0:00:01]} Nxd5 {[%emt 0:00:01]} 19. Rxf8+ {[%emt 0:00:02]} Bxf8 {[%emt 0:00:02]} 20. exd5 {[%emt 0:00:01]} a5 {[%emt 0:00:01]} 21. Bf3 {[%emt 0:00:10]} Be7 {[%emt 0:00:03]} 22. Be4 {[%emt 0:00:01]} Bg5 {[%emt 0:00:03]} 23. Qe2 {[%emt 0:00:06]} Rc8 {[%emt 0:00:07]} 24. Qg4 {[%emt 0:00:12]} Rxc2 {[%emt 0:00:27]} 25. Qf5 {[%emt 0:00:11]} Bf6 {[%emt 0:00:02]} 26. Qe6+ {[%emt 0:00:18]} Kf8 {[%emt 0:00:04]} 27. Bg6 {[%emt 0:00:17]} Qe7 {[%emt 0:00:02]} 28. Qf5 {[%emt 0:00:07]} Qc7 {[%emt 0:00:11]} 29. Qe6 {[%emt 0:00:16]} Qe7 {[%emt 0:00:02]} 30. Qf5 {[%emt 0:00:02]} Qc7 {[%emt 0:00:02]} 31. Qe6 {[%emt 0:00:11]} Qe7 {[%emt 0:00:03] (Lag: Av=1.27s, max=4.5s)} 1/2-1/2

[Event "Stay Safe Play From Home 288"]
[Site "Emanuel Lasker Arena"]
[Date "2020.07.08"]
[Round "4"]
[White "Sfantul321"]
[Black "Greblah"]
[Result "1/2-1/2"]
[WhiteElo "1992"]
[BlackElo "1998"]
[Annotator "NA"]
[PlyCount "161"]
[EventDate "2020.07.08"]
[EventType "swiss (blitz)"]

1. c4 {[%emt 0:00:01]} c6 {[%emt 0:00:02]} 2. Nc3 {[%emt 0:00:01]} d5 {[%emt 0:00:00]} 3. cxd5 {[%emt 0:00:01]} cxd5 {[%emt 0:00:01]} 4. d4 {[%emt 0:00:00]} Nc6 {[%emt 0:00:01]} 5. Nf3 {[%emt 0:00:01]} Nf6 {[%emt 0:00:01]} 6. Bf4 {[%emt 0:00:02]} Bf5 {[%emt 0:00:01]} 7. a3 {[%emt 0:00:01]} e6 {[%emt 0:00:01]} 8. e3 {[%emt 0:00:01]} Bd6 {[%emt 0:00:01]} 9. Bg5 {[%emt 0:00:02]} Be7 {[%emt 0:00:02]} 10. Bd3 {[%emt 0:00:01]} Bxd3 {[%emt 0:00:02]} 11. Qxd3 {[%emt 0:00:01]} h6 {[%emt 0:00:01]} 12. Bh4 {[%emt 0:00:02]} O-O {[%emt 0:00:00]} 13. Bg3 {[%emt 0:00:03]} a6 {[%emt 0:00:03]} 14. h3 {[%emt 0:00:01]} Bd6 {[%emt 0:00:03]} 15. Ne5 {[%emt 0:00:02]} Bxe5 {[%emt 0:00:03]} 16. dxe5 {[%emt 0:00:01]} Nd7 {[%emt 0:00:02]} 17. f4 {[%emt 0:00:02]} Nc5 {[%emt 0:00:04]} 18. Qd1 {[%emt 0:00:10]} b5 {[%emt 0:00:01]} 19. b4 {[%emt 0:00:05]} Ne4 {[%emt 0:00:16]} 20. Nxe4 {[%emt 0:00:03]} dxe4 {[%emt 0:00:01]} 21. Qc2 {[%emt 0:00:03]} Qd3 {[%emt 0:00:07]} 22. Qxd3 {[%emt 0:00:08]} exd3 {[%emt 0:00:01]} 23. Rd1 {[%emt 0:00:01]} Rfd8 {[%emt 0:00:01]} 24. Kd2 {[%emt 0:00:11]} a5 {[%emt 0:00:02]} 25. Rc1 {[%emt 0:00:02]} Ra6 {[%emt 0:00:07]} 26. Rc5 {[%emt 0:00:05]} axb4 {[%emt 0:00:03]} 27. axb4 {[%emt 0:00:01]} Nxb4 {[%emt 0:00:18]} 28. Rxb5 {[%emt 0:00:07]} Ra2+ {[%emt 0:00:04]} 29. Kc3 {[%emt 0:00:01]} Nd5+ {[%emt 0:00:09]} 30. Kb3 {[%emt 0:00:01]} Rxg2 {[%emt 0:00:06]} 31. Bh4 {[%emt 0:00:01]} Rc8 {[%emt 0:00:09]} 32. Rd1 {[%emt 0:00:04]} d2 {[%emt 0:00:08]} 33. Rxd5 {[%emt 0:00:10]} exd5 {[%emt 0:00:04]} 34. Kb2 {[%emt 0:00:01]} Kf8 {[%emt 0:00:17]} 35. f5 {[%emt 0:00:07]} Ke8 {[%emt 0:00:06]} 36. e6 {[%emt 0:00:04]} fxe6 {[%emt 0:00:01]} 37. f6 {[%emt 0:00:06]} gxf6 {[%emt 0:00:12]} 38. Bxf6 {[%emt 0:00:01]} Re2 {[%emt 0:00:19]} 39. Bd4 {[%emt 0:00:05]} Kd7 {[%emt 0:00:06]} 40. Bc3 {[%emt 0:00:02]} Rxe3 {[%emt 0:00:02]} 41. Bxd2 {[%emt 0:00:01]} Rxh3 {[%emt 0:00:02]} 42. Bf4 {[%emt 0:00:03]} Rc4 {[%emt 0:00:04]} 43. Rf1 {[%emt 0:00:04]} Rxf4 {[%emt 0:00:03]} 44. Rxf4 {[%emt 0:00:01]} Kd6 {[%emt 0:00:01]} 45. Rf6 {[%emt 0:00:02]} Ke5 {[%emt 0:00:02]} 46. Rg6 {[%emt 0:00:03]} h5 {[%emt 0:00:01]} 47. Kc2 {[%emt 0:00:01]} h4 {[%emt 0:00:02]} 48. Kd2 {[%emt 0:00:01]} Ra3 {[%emt 0:00:05]} 49. Rh6 {[%emt 0:00:03]} h3 {[%emt 0:00:01]} 50. Rh4 {[%emt 0:00:03]} h2 {[%emt 0:00:05]} 51. Ke2 {[%emt 0:00:06]} Ra2+ {[%emt 0:00:02]} 52. Kf3 {[%emt 0:00:01]} d4 {[%emt 0:00:02]} 53. Rh5+ {[%emt 0:00:02]} Kd6 {[%emt 0:00:01]} 54. Ke4 {[%emt 0:00:01]} Rd2 {[%emt 0:00:07]} 55. Rh8 {[%emt 0:00:04]} e5 {[%emt 0:00:07]} 56. Rh6+ {[%emt 0:00:03]} Kc5 {[%emt 0:00:05]} 57. Kxe5 {[%emt 0:00:00]} Kc4 {[%emt 0:00:02]} 58. Ke4 {[%emt 0:00:01]} Re2+ {[%emt 0:00:02]} 59. Kf3 {[%emt 0:00:01]} Rc2 {[%emt 0:00:06]} 60. Ke4 {[%emt 0:00:05]} Kc3 {[%emt 0:00:08]} 61. Rc6+ {[%emt 0:00:02]} Kd2 {[%emt 0:00:02]} 62. Rh6 {[%emt 0:00:01]} Kc3 {[%emt 0:00:03]} 63. Rc6+ {[%emt 0:00:02]} Kb4 {[%emt 0:00:04]} 64. Rh6 {[%emt 0:00:02]} Kc5 {[%emt 0:00:01]} 65. Rh5+ {[%emt 0:00:02]} Kc4 {[%emt 0:00:01]} 66. Rh8 {[%emt 0:00:01]} Re2+ {[%emt 0:00:01]} 67. Kf3 {[%emt 0:00:01]} Kd3 {[%emt 0:00:02]} 68. Rh7 {[%emt 0:00:04]} Ra2 {[%emt 0:00:02]} 69. Rh8 {[%emt 0:00:03]} Re2 {[%emt 0:00:07]} 70. Rh7 {[%emt 0:00:02]} Re3+ {[%emt 0:00:01]} 71. Kf2 {[%emt 0:00:02]} Kd2 {[%emt 0:00:02]} 72. Rh4 {[%emt 0:00:05]} d3 {[%emt 0:00:01]} 73. Kg2 {[%emt 0:00:05]} Re1 {[%emt 0:00:01]} 74. Kxh2 {[%emt 0:00:02]} Kd1 {[%emt 0:00:02]} 75. Kg2 {[%emt 0:00:02]} d2 {[%emt 0:00:00]} 76. Kf2 {[%emt 0:00:04]} Re7 {[%emt 0:00:01]} 77. Rc4 {[%emt 0:00:02]} Rf7+ {[%emt 0:00:01]} 78. Ke3 {[%emt 0:00:01]} Re7+ {[%emt 0:00:01]} 79. Kf2 {[%emt 0:00:01]} Rf7+ {[%emt 0:00:01]} 80. Ke3 {[%emt 0:00:01]} Re7+ {[%emt 0:00:01]} 81. Kf2 {[%emt 0:00:01] (Lag: Av=0.23s, max=0.4s)} 1/2-1/2

[Event "Stay Safe Play From Home 288"]
[Site "Emanuel Lasker Arena"]
[Date "2020.07.08"]
[Round "4"]
[White "VotaryRoma"]
[Black "Klasman"]
[Result "1-0"]
[WhiteElo "1844"]
[BlackElo "1578"]
[Annotator "NA"]
[PlyCount "45"]
[EventDate "2020.07.08"]
[EventType "swiss (blitz)"]

1. e4 {[%emt 0:00:05]} f5 {[%emt 0:00:02]} 2. exf5 {[%emt 0:00:04]} d5 {[%emt 0:00:01]} 3. Qh5+ {[%emt 0:00:01]} g6 {[%emt 0:00:11]} 4. fxg6 {[%emt 0:00:00]} Nf6 {[%emt 0:00:01]} 5. g7+ {[%emt 0:00:04]} Nxh5 {[%emt 0:00:07]} 6. gxh8=Q {[%emt 0:00:00]} Bf5 {[%emt 0:00:09]} 7. g4 {[%emt 0:00:07]} Bxg4 {[%emt 0:00:12]} 8. Qxh7 {[%emt 0:00:03]} Qd6 {[%emt 0:00:37]} 9. f3 {[%emt 0:00:05]} Qe5+ {[%emt 0:00:23]} 10. Be2 {[%emt 0:00:05]} Bd7 {[%emt 0:00:21]} 11. d4 {[%emt 0:00:39]} Qf5 {[%emt 0:00:48]} 12. Qxf5 {[%emt 0:00:16]} Bxf5 {[%emt 0:00:01]} 13. Nc3 {[%emt 0:00:00]} Nc6 {[%emt 0:00:16]} 14. Nxd5 {[%emt 0:00:04]} O-O-O {[%emt 0:00:08]} 15. Ne3 {[%emt 0:00:16]} Nxd4 {[%emt 0:00:11]} 16. Nxf5 {[%emt 0:00:04]} Nxc2+ {[%emt 0:00:02]} 17. Kf2 {[%emt 0:00:04]} Nxa1 {[%emt 0:00:03]} 18. Bg5 {[%emt 0:00:03]} Nc2 {[%emt 0:00:32]} 19. Nxe7+ {[%emt 0:00:08]} Kd7 {[%emt 0:00:36]} 20. Ng6 {[%emt 0:00:32]} Bc5+ {[%emt 0:00:02]} 21. Kg2 {[%emt 0:00:06]} Rg8 {[%emt 0:00:04]} 22. Ne5+ {[%emt 0:00:14]} Kc8 {[%emt 0:00:08]} 23. Nh3 {[%emt 0:00:14] Time (Lag: Av=0.41s, max=0.8s)} 1-0

[Event "Stay Safe Play From Home 288"]
[Site "Emanuel Lasker Arena"]
[Date "2020.07.08"]
[Round "4"]
[White "Haris kollari 13"]
[Black "W Nelles"]
[Result "1-0"]
[WhiteElo "1817"]
[BlackElo "1306"]
[Annotator "NA"]
[PlyCount "67"]
[EventDate "2020.07.08"]
[EventType "swiss (blitz)"]

1. e4 {[%emt 0:00:01]} e5 {[%emt 0:00:02]} 2. f4 {[%emt 0:00:01]} exf4 {[%emt 0:00:02]} 3. Nf3 {[%emt 0:00:01]} Bd6 {[%emt 0:00:01]} 4. d4 {[%emt 0:00:02]} Ne7 {[%emt 0:00:01]} 5. e5 {[%emt 0:00:03]} Bb4+ {[%emt 0:00:02]} 6. c3 {[%emt 0:00:01]} Ba5 {[%emt 0:00:01]} 7. a4 {[%emt 0:00:02]} O-O {[%emt 0:00:03]} 8. b4 {[%emt 0:00:02]} Bb6 {[%emt 0:00:01]} 9. a5 {[%emt 0:00:01]} c5 {[%emt 0:00:04]} 10. axb6 {[%emt 0:00:01]} Qxb6 {[%emt 0:00:02]} 11. bxc5 {[%emt 0:00:02]} Qg6 {[%emt 0:00:04]} 12. Qd3 {[%emt 0:00:03]} Qxd3 {[%emt 0:00:02]} 13. Bxd3 {[%emt 0:00:01]} Nd5 {[%emt 0:00:02]} 14. Bd2 {[%emt 0:00:05]} a6 {[%emt 0:00:07]} 15. O-O {[%emt 0:00:02]} Nc6 {[%emt 0:00:02]} 16. Na3 {[%emt 0:00:06]} Na5 {[%emt 0:00:04]} 17. Rab1 {[%emt 0:00:04]} b5 {[%emt 0:00:05]} 18. Be4 {[%emt 0:00:07]} Bb7 {[%emt 0:00:07]} 19. c4 {[%emt 0:00:01]} bxc4 {[%emt 0:00:05]} 20. Bxa5 {[%emt 0:00:02]} Rab8 {[%emt 0:00:07]} 21. Nxc4 {[%emt 0:00:03]} Ne3 {[%emt 0:00:06]} 22. Bxb7 {[%emt 0:00:05]} Nxc4 {[%emt 0:00:02]} 23. Bc7 {[%emt 0:00:06]} Ne3 {[%emt 0:00:14]} 24. Bxb8 {[%emt 0:00:02]} Nxf1 {[%emt 0:00:02]} 25. Kxf1 {[%emt 0:00:03]} Rxb8 {[%emt 0:00:01]} 26. Be4 {[%emt 0:00:01]} Rxb1+ {[%emt 0:00:02]} 27. Bxb1 {[%emt 0:00:01]} f6 {[%emt 0:00:02]} 28. Ke2 {[%emt 0:00:03]} Kf7 {[%emt 0:00:06]} 29. Kd3 {[%emt 0:00:02]} fxe5 {[%emt 0:00:07]} 30. Nxe5+ {[%emt 0:00:01]} Ke6 {[%emt 0:00:02]} 31. Ba2+ {[%emt 0:00:01]} Ke7 {[%emt 0:00:04]} 32. Ke4 {[%emt 0:00:01]} g6 {[%emt 0:00:02]} 33. Kxf4 {[%emt 0:00:02]} Kf6 {[%emt 0:00:02]} 34. Nxd7+ {[%emt 0:00:03] W Nelles gibt auf (Lag: Av=0.59s, max=1.2s)} 1-0

[Event "Stay Safe Play From Home 288"]
[Site "Emanuel Lasker Arena"]
[Date "2020.07.08"]
[Round "4"]
[White "Erdema"]
[Black "Timbre"]
[Result "1-0"]
[WhiteElo "1464"]
[BlackElo "1574"]
[Annotator "NA"]
[PlyCount "157"]
[EventDate "2020.07.08"]
[EventType "swiss (blitz)"]

1. e4 {[%emt 0:00:01]} c6 {[%emt 0:00:17]} 2. d4 {[%emt 0:00:02]} d5 {[%emt 0:00:01]} 3. exd5 {[%emt 0:00:02]} cxd5 {[%emt 0:00:02]} 4. h3 {[%emt 0:00:02]} Nc6 {[%emt 0:00:02]} 5. Nf3 {[%emt 0:00:02]} Bf5 {[%emt 0:00:03]} 6. Bd3 {[%emt 0:00:01]} Bxd3 {[%emt 0:00:03]} 7. Qxd3 {[%emt 0:00:01]} e6 {[%emt 0:00:01]} 8. a3 {[%emt 0:00:02]} a6 {[%emt 0:00:02]} 9. Nc3 {[%emt 0:00:02]} Nf6 {[%emt 0:00:01]} 10. O-O {[%emt 0:00:02]} Bd6 {[%emt 0:00:02]} 11. Re1 {[%emt 0:00:01]} O-O {[%emt 0:00:02]} 12. Be3 {[%emt 0:00:02]} h6 {[%emt 0:00:02]} 13. Qd2 {[%emt 0:00:02]} Re8 {[%emt 0:00:02]} 14. Bf4 {[%emt 0:00:02]} Bxf4 {[%emt 0:00:03]} 15. Qxf4 {[%emt 0:00:02]} Qb6 {[%emt 0:00:02]} 16. Rab1 {[%emt 0:00:07]} Na5 {[%emt 0:00:02]} 17. Ne5 {[%emt 0:00:15]} Rac8 {[%emt 0:00:03]} 18. Re3 {[%emt 0:00:06]} Nc4 {[%emt 0:00:08]} 19. Rg3 {[%emt 0:00:04]} Nxe5 {[%emt 0:00:12]} 20. Qxe5 {[%emt 0:00:09]} Qd8 {[%emt 0:00:10]} 21. Rc1 {[%emt 0:00:06]} b5 {[%emt 0:00:05]} 22. Ne2 {[%emt 0:00:02]} Kh7 {[%emt 0:00:12]} 23. c3 {[%emt 0:00:02]} Rg8 {[%emt 0:00:05]} 24. Nf4 {[%emt 0:00:03]} Qc7 {[%emt 0:00:13]} 25. Qxc7 {[%emt 0:00:04]} Rxc7 {[%emt 0:00:01]} 26. Re1 {[%emt 0:00:03]} Ne4 {[%emt 0:00:05]} 27. Rge3 {[%emt 0:00:07]} a5 {[%emt 0:00:02]} 28. f3 {[%emt 0:00:02]} Ng3 {[%emt 0:00:07]} 29. Nd3 {[%emt 0:00:02]} Rc4 {[%emt 0:00:05]} 30. Kf2 {[%emt 0:00:06]} Nf5 {[%emt 0:00:04]} 31. Ne5 {[%emt 0:00:03]} Nxe3 {[%emt 0:00:07]} 32. Rxe3 {[%emt 0:00:11]} Rc7 {[%emt 0:00:03]} 33. g4 {[%emt 0:00:03]} Rgc8 {[%emt 0:00:03]} 34. Nd3 {[%emt 0:00:03]} b4 {[%emt 0:00:03]} 35. axb4 {[%emt 0:00:02]} axb4 {[%emt 0:00:01]} 36. Nxb4 {[%emt 0:00:01]} Ra8 {[%emt 0:00:06]} 37. Re2 {[%emt 0:00:03]} Ra1 {[%emt 0:00:05]} 38. Kg3 {[%emt 0:00:03]} Rca7 {[%emt 0:00:04]} 39. Nc6 {[%emt 0:00:05]} R7a6 {[%emt 0:00:06]} 40. Ne5 {[%emt 0:00:08]} Kg8 {[%emt 0:00:06]} 41. Nd3 {[%emt 0:00:03]} Rg1+ {[%emt 0:00:02]} 42. Kh2 {[%emt 0:00:03]} Raa1 {[%emt 0:00:02]} 43. f4 {[%emt 0:00:08]} g6 {[%emt 0:00:04]} 44. Nb4 {[%emt 0:00:03]} Rh1+ {[%emt 0:00:03]} 45. Kg2 {[%emt 0:00:02]} Rag1+ {[%emt 0:00:03]} 46. Kf2 {[%emt 0:00:02]} Rf1+ {[%emt 0:00:01]} 47. Kg2 {[%emt 0:00:01]} Ra1 {[%emt 0:00:05]} 48. f5 {[%emt 0:00:04]} gxf5 {[%emt 0:00:03]} 49. gxf5 {[%emt 0:00:02]} exf5 {[%emt 0:00:01]} 50. Nxd5 {[%emt 0:00:02]} Kg7 {[%emt 0:00:03]} 51. Rf2 {[%emt 0:00:06]} Kg6 {[%emt 0:00:08]} 52. Ne7+ {[%emt 0:00:03]} Kf6 {[%emt 0:00:04]} 53. Nxf5 {[%emt 0:00:02]} Rag1+ {[%emt 0:00:06]} 54. Kf3 {[%emt 0:00:03]} Kxf5 {[%emt 0:00:03]} 55. Ke2+ {[%emt 0:00:02]} Ke6 {[%emt 0:00:02]} 56. Kd3 {[%emt 0:00:04]} Rxh3+ {[%emt 0:00:02]} 57. Kc4 {[%emt 0:00:02]} Rhg3 {[%emt 0:00:02]} 58. d5+ {[%emt 0:00:02]} Kd6 {[%emt 0:00:02]} 59. Rf6+ {[%emt 0:00:03]} Ke7 {[%emt 0:00:02]} 60. Rxh6 {[%emt 0:00:01]} Rg4+ {[%emt 0:00:03]} 61. Kc5 {[%emt 0:00:02]} Rg6 {[%emt 0:00:06]} 62. Rh5 {[%emt 0:00:02]} R1g5 {[%emt 0:00:03]} 63. Rh3 {[%emt 0:00:05]} Re5 {[%emt 0:00:02]} 64. c4 {[%emt 0:00:06]} Kd7 {[%emt 0:00:06]} 65. b4 {[%emt 0:00:02]} Ra6 {[%emt 0:00:07]} 66. b5 {[%emt 0:00:03]} Rg6 {[%emt 0:00:05]} 67. Kd4 {[%emt 0:00:02]} Reg5 {[%emt 0:00:04]} 68. c5 {[%emt 0:00:03]} Kc7 {[%emt 0:00:04]} 69. b6+ {[%emt 0:00:02]} Kb7 {[%emt 0:00:02]} 70. Rf3 {[%emt 0:00:03]} Rg4+ {[%emt 0:00:05]} 71. Ke5 {[%emt 0:00:03]} R4g5+ {[%emt 0:00:03]} 72. Kd4 {[%emt 0:00:02]} Rg4+ {[%emt 0:00:02]} 73. Ke5 {[%emt 0:00:02]} R6g5+ {[%emt 0:00:02]} 74. Kf6 {[%emt 0:00:04]} Rg7 {[%emt 0:00:03]} 75. Ke5 {[%emt 0:00:02]} R4g5+ {[%emt 0:00:01]} 76. Kd4 {[%emt 0:00:02]} Rg4+ {[%emt 0:00:01]} 77. Kd3 {[%emt 0:00:02]} Rg3 {[%emt 0:00:01]} 78. Rxg3 {[%emt 0:00:02]} Rxg3+ {[%emt 0:00:01]} 79. Ke4 {[%emt 0:00:01] Time (Lag: Av=0.74s, max=1.3s)} 1-0

[Event "Stay Safe Play From Home 288"]
[Site "Emanuel Lasker Arena"]
[Date "2020.07.08"]
[Round "4"]
[White "Mandy"]
[Black "Dukic"]
[Result "0-1"]
[WhiteElo "968"]
[BlackElo "1858"]
[Annotator "NA"]
[PlyCount "60"]
[EventDate "2020.07.08"]
[EventType "swiss (blitz)"]

1. d4 {[%emt 0:00:06]} c6 {[%emt 0:00:00]} 2. Bf4 {[%emt 0:00:02]} d6 {[%emt 0:00:01]} 3. e3 {[%emt 0:00:01]} Nd7 {[%emt 0:00:01]} 4. Nf3 {[%emt 0:00:01]} Qb6 {[%emt 0:00:01]} 5. b3 {[%emt 0:00:05]} Ngf6 {[%emt 0:00:05]} 6. h3 {[%emt 0:00:02]} g6 {[%emt 0:00:15]} 7. Be2 {[%emt 0:00:08]} Bg7 {[%emt 0:00:01]} 8. Nbd2 {[%emt 0:00:09]} Nd5 {[%emt 0:00:02]} 9. Nc4 {[%emt 0:00:07]} Qc7 {[%emt 0:00:07]} 10. Bg3 {[%emt 0:00:08]} b5 {[%emt 0:00:03]} 11. Ncd2 {[%emt 0:00:06]} Nc3 {[%emt 0:00:03]} 12. Qc1 {[%emt 0:00:09]} c5 {[%emt 0:00:09]} 13. d5 {[%emt 0:00:11]} O-O {[%emt 0:00:09]} 14. Bxb5 {[%emt 0:00:05]} Nxb5 {[%emt 0:00:02]} 15. c4 {[%emt 0:00:04]} Nc3 {[%emt 0:00:09]} 16. Ne4 {[%emt 0:00:37]} Nxe4 {[%emt 0:00:03]} 17. Bh4 {[%emt 0:00:10]} Qa5+ {[%emt 0:00:08]} 18. Kf1 {[%emt 0:00:12]} Re8 {[%emt 0:00:04]} 19. Qe1 {[%emt 0:00:39]} Bc3 {[%emt 0:00:15]} 20. Qe2 {[%emt 0:00:07]} Bxa1 {[%emt 0:00:04]} 21. Ne1 {[%emt 0:00:22]} Be5 {[%emt 0:00:10]} 22. f3 {[%emt 0:00:03]} Ng3+ {[%emt 0:00:03]} 23. Kf2 {[%emt 0:00:07]} Nxe2 {[%emt 0:00:02]} 24. Kxe2 {[%emt 0:00:02]} Qxa2+ {[%emt 0:00:03]} 25. Kf1 {[%emt 0:00:04]} Qd2 {[%emt 0:00:05]} 26. Bf2 {[%emt 0:00:04]} Rb8 {[%emt 0:00:03]} 27. f4 {[%emt 0:00:08]} Bc3 {[%emt 0:00:06]} 28. Nf3 {[%emt 0:00:10]} Qd1+ {[%emt 0:00:04]} 29. Ne1 {[%emt 0:00:05]} Nf6 {[%emt 0:00:03]} 30. g3 {[%emt 0:00:03]} Ne4 {[%emt 0:00:02] Mandy gibt auf (Lag: Av=0.42s, max=0.5s)} 0-1

[Event "Stay Safe Play From Home 288"]
[Site "Emanuel Lasker Arena"]
[Date "2020.07.08"]
[Round "5"]
[White "Position"]
[Black "VotaryRoma"]
[Result "1-0"]
[WhiteElo "2028"]
[BlackElo "1850"]
[PlyCount "49"]
[EventDate "2020.07.08"]
[EventType "swiss (blitz)"]

1. e4 {[%emt 0:00:02]} c5 {[%emt 0:00:02]} 2. Nf3 {[%emt 0:00:01]} e6 {[%emt 0:00:01]} 3. g3 {[%emt 0:00:02]} d5 {[%emt 0:00:01]} 4. Nc3 {[%emt 0:00:01]} Nc6 {[%emt 0:00:04]} 5. Bg2 {[%emt 0:00:01]} Nf6 {[%emt 0:00:00]} 6. d3 {[%emt 0:00:03]} dxe4 {[%emt 0:00:02]} 7. dxe4 {[%emt 0:00:02]} Qxd1+ {[%emt 0:00:01]} 8. Kxd1 {[%emt 0:00:00]} b6 {[%emt 0:00:03]} 9. e5 {[%emt 0:00:05]} Nd7 {[%emt 0:00:05]} 10. Nb5 {[%emt 0:00:15]} Kd8 {[%emt 0:00:10]} 11. Ng5 {[%emt 0:00:01]} Ndxe5 {[%emt 0:00:29]} 12. Nxf7+ {[%emt 0:00:07]} Nxf7 {[%emt 0:00:11]} 13. Bxc6 {[%emt 0:00:02]} Rb8 {[%emt 0:00:01]} 14. Ke2 {[%emt 0:00:05]} Bb7 {[%emt 0:00:09]} 15. Rd1+ {[%emt 0:00:09]} Ke7 {[%emt 0:00:05]} 16. Rd7+ {[%emt 0:00:10]} Kf6 {[%emt 0:00:08]} 17. Bxb7 {[%emt 0:00:13]} Ne5 {[%emt 0:00:03]} 18. Rc7 {[%emt 0:00:05]} Nf7 {[%emt 0:00:18]} 19. Bf4 {[%emt 0:00:04]} g5 {[%emt 0:00:04]} 20. Rxf7+ {[%emt 0:00:05]} Kxf7 {[%emt 0:00:00]} 21. Bxb8 {[%emt 0:00:01]} Bg7 {[%emt 0:00:05]} 22. Bxa7 {[%emt 0:00:04]} Bxb2 {[%emt 0:00:07]} 23. Rd1 {[%emt 0:00:01]} Be5 {[%emt 0:00:00]} 24. f4 {[%emt 0:00:07]} Kf6 {[%emt 0:00:00]} 25. fxe5+ {[%emt 0:00:02] VotaryRoma offers a draw VotaryRoma resigns (Lag: Av=1.00s, max=2.9s)} 1-0